Freedom Summer / (Record no. 16395)
[ view plain ]
| 000 -LEADER | |
|---|---|
| fixed length control field | 01131cam a2200373 a 4500 |
| 001 - CONTROL NUMBER | |
| control field | 684771 |
| 005 - DATE AND TIME OF LATEST TRANSACTION | |
| control field | 20170105102939.0 |
| 008 - FIXED-LENGTH DATA ELEMENTS--GENERAL INFORMATION | |
| fixed length control field | 881005s1988 nyua b 001 0deng |
| 010 ## - LIBRARY OF CONGRESS CONTROL NUMBER | |
| LC control number | 88004707 |
| 020 ## - INTERNATIONAL STANDARD BOOK NUMBER | |
| International Standard Book Number | 0195043677 (alk. paper) |
| 020 ## - INTERNATIONAL STANDARD BOOK NUMBER | |
| International Standard Book Number | 0195064720 (pb) |
| 035 ## - SYSTEM CONTROL NUMBER | |
| System control number | (OCoLC)17676678 |
| 035 ## - SYSTEM CONTROL NUMBER | |
| System control number | (OCoLC)ocm17676678 |
| 035 ## - SYSTEM CONTROL NUMBER | |
| System control number | (CStRLIN)NYCG88-B71119 |
| 035 ## - SYSTEM CONTROL NUMBER | |
| System control number | (NNC)684771 |
| 040 ## - CATALOGING SOURCE | |
| Modifying agency | PU |
| -- | NNC |
| 043 ## - GEOGRAPHIC AREA CODE | |
| Geographic area code | n-us-ms |
| 050 0# - LIBRARY OF CONGRESS CALL NUMBER | |
| Classification number | E185.93.M6 |
| Item number | M28 1988 |
| 082 0# - DEWEY DECIMAL CLASSIFICATION NUMBER | |
| Classification number | 976.2 |
| Edition number | 19 |
| Author Mark | MCA 1988 |
| 090 ## - LOCALLY ASSIGNED LC-TYPE CALL NUMBER (OCLC); LOCAL CALL NUMBER (RLIN) | |
| Classification number (OCLC) (R) ; Classification number, CALL (RLIN) (NR) | E185.93.M6 |
| Local cutter number (OCLC) ; Book number/undivided call number, CALL (RLIN) | M28 1988 |
| 100 1# - MAIN ENTRY--PERSONAL NAME | |
| Personal name | McAdam, Doug. |
| 245 10 - TITLE STATEMENT | |
| Title | Freedom Summer / |
| Statement of responsibility, etc. | Doug McAdam. |
| 260 ## - PUBLICATION, DISTRIBUTION, ETC. | |
| Place of publication, distribution, etc. | New York : |
| Name of publisher, distributor, etc. | Oxford University Press, |
| Date of publication, distribution, etc. | 1988. |
| 300 ## - PHYSICAL DESCRIPTION | |
| Extent | x, 333 p. : |
| Other physical details | ill. ; |
| Dimensions | 24 cm. |
| 500 ## - GENERAL NOTE | |
| General note | Includes index. |
| 504 ## - BIBLIOGRAPHY, ETC. NOTE | |
| Bibliography, etc. note | Bibliography: p. 311-322. |
| 610 20 - SUBJECT ADDED ENTRY--CORPORATE NAME | |
| Corporate name or jurisdiction name as entry element | Mississippi Freedom Project. |
| 650 #0 - SUBJECT ADDED ENTRY--TOPICAL TERM | |
| Topical term or geographic name entry element | African Americans |
| General subdivision | Suffrage |
| Geographic subdivision | Mississippi. |
| 650 #0 - SUBJECT ADDED ENTRY--TOPICAL TERM | |
| Topical term or geographic name entry element | Civil rights workers |
| Geographic subdivision | Mississippi |
| General subdivision | History |
| Chronological subdivision | 20th century. |
| 650 #0 - SUBJECT ADDED ENTRY--TOPICAL TERM | |
| Topical term or geographic name entry element | African Americans |
| General subdivision | Civil rights |
| Geographic subdivision | Mississippi. |
| 651 #0 - SUBJECT ADDED ENTRY--GEOGRAPHIC NAME | |
| Geographic name | Mississippi |
| General subdivision | Race relations. |
| 942 ## - ADDED ENTRY ELEMENTS (KOHA) | |
| Source of classification or shelving scheme | |
| Koha item type | Book |
| Withdrawn status | Lost status | Damaged status | Not for loan | Collection code | Permanent Location | Current Location | Shelving location | Date acquired | Total Checkouts | Full call number | Barcode | Date last seen | Price effective from | Koha item type |
|---|---|---|---|---|---|---|---|---|---|---|---|---|---|---|
| Centre for International Peace & Stability (CIPS) | Centre for International Peace & Stability (CIPS) | General Stacks | 04/21/2016 | 976.2 MCA 1988 | CIPSD0000437 | 04/21/2016 | 04/21/2016 | Book |
